[Event "EUYCC 2025 - U14"]
[Site "?"]
[Date "2025.08.22"]
[Round "4.9"]
[White "Bolla, Zsofia"]
[Black "Myronova, Sofia"]
[Result "1-0"]
[BlackElo "1496"]
[WhiteElo "1772"]
[LiveChessVersion "1.4.8"]

1. e4 {[%clk 1:30:59]} c5 {[%clk 1:30:53]} 2. Nf3 {[%clk 1:31:22]} d6
{[%clk 1:31:06]} 3. d4 {[%clk 1:31:40]} cxd4 {[%clk 1:31:25]} 4. Nxd4
{[%clk 1:32:01]} Nf6 {[%clk 1:31:18]} 5. Nc3 {[%clk 1:32:20]} g6 {[%clk 1:31:22]}
6. Bg5 {[%clk 1:32:23]} Bg7 {[%clk 1:31:16]} 7. Bb5+ {[%clk 1:32:07]} Bd7
{[%clk 1:31:00]} 8. Qe2 {[%clk 1:31:38]} O-O {[%clk 1:30:32]} 9. O-O-O
{[%clk 1:31:44]} Nc6 {[%clk 1:28:48]} 10. Bxc6 {[%clk 1:30:29]} bxc6
{[%clk 1:28:55]} 11. e5 {[%clk 1:30:25]} Re8 {[%clk 1:05:35]} 12. exf6
{[%clk 1:27:04]} exf6 13. Be3 {[%clk 1:27:29]} Rb8 {[%clk 1:03:53]} 14. Qd3
{[%clk 1:24:57]} d5 {[%clk 1:01:15]} 15. Nb3 {[%clk 1:23:50]} Bf5
{[%clk 1:00:11]} 16. Qd2 {[%clk 1:24:03]} Ra8 {[%clk 0:56:21]} 17. Rhe1
{[%clk 1:22:13]} Bh8 {[%clk 0:54:26]} 18. Bc5 {[%clk 1:21:08]} Be6
{[%clk 0:53:44]} 19. Re2 {[%clk 1:18:15]} Qd7 {[%clk 0:49:31]} 20. Rde1
{[%clk 1:18:05]} Rab8 {[%clk 0:42:34]} 21. h3 {[%clk 1:14:24]} Bg7
{[%clk 0:34:24]} 22. Qf4 {[%clk 1:13:13]} Rbd8 {[%clk 0:31:19]} 23. Qa4
{[%clk 1:13:13]} Ra8 {[%clk 0:24:01]} 24. Nd4 {[%clk 1:12:01]} f5
{[%clk 0:18:10]} 25. Qxc6 {[%clk 1:09:41]} Qxc6 {[%clk 0:15:32]} 26. Nxc6
{[%clk 1:09:33]} Rac8 {[%clk 0:15:47]} 27. Ne7+ {[%clk 1:09:53]} 1-0

[Event "EUYCC 2025 - U14"]
[Site "?"]
[Date "2025.08.22"]
[Round "4.10"]
[White "Jenikova, Sabina"]
[Black "Migalko, Dmitriy"]
[Result "0-1"]
[BlackElo "1916"]
[WhiteElo "1491"]
[LiveChessVersion "1.4.8"]

1. d4 {[%clk 1:30:56]} d5 {[%clk 1:30:53]} 2. Bf4 {[%clk 1:31:11]} Nf6
{[%clk 1:31:19]} 3. Nf3 {[%clk 1:31:27]} e6 {[%clk 1:31:44]} 4. e3
{[%clk 1:31:42]} Bd6 {[%clk 1:32:08]} 5. Bg3 {[%clk 1:32:03]} O-O
{[%clk 1:31:06]} 6. Bd3 {[%clk 1:32:20]} c5 {[%clk 1:31:28]} 7. c3
{[%clk 1:32:28]} Qc7 {[%clk 1:31:45]} 8. Nbd2 {[%clk 1:31:58]} Nbd7
{[%clk 1:32:02]} 9. O-O {[%clk 1:18:06]} e5 {[%clk 1:32:10]} 10. e4
{[%clk 1:16:55]} exd4 {[%clk 1:21:22]} 11. cxd4 {[%clk 1:16:27]} Bxg3
{[%clk 1:21:16]} 12. fxg3 {[%clk 1:16:31]} cxd4 {[%clk 1:19:41]} 13. exd5
{[%clk 1:06:44]} Nxd5 {[%clk 1:04:43]} 14. Qa4 {[%clk 1:03:59]} Nc5
{[%clk 0:50:28]} 15. Qxd4 {[%clk 0:51:02]} Nxd3 {[%clk 0:50:24]} 16. Qxd3
{[%clk 0:51:10]} Qb6+ {[%clk 0:46:51]} 17. Kh1 {[%clk 0:47:01]} Ne3
{[%clk 0:41:32]} 18. Ng5 {[%clk 0:35:07]} g6 {[%clk 0:41:00]} 19. Nc4
{[%clk 0:32:01]} Nxc4 {[%clk 0:37:37]} 20. Qxc4 {[%clk 0:32:07]} Be6
{[%clk 0:36:30]} 21. Nxe6 {[%clk 0:31:39]} Qxe6 {[%clk 0:36:48]} 22. Qc7
{[%clk 0:31:04]} Qb6 {[%clk 0:36:32]} 23. Qxb6 {[%clk 0:26:16]} axb6
{[%clk 0:36:58]} 24. Rf6 {[%clk 0:26:34]} Ra6 {[%clk 0:33:20]} 25. a3
{[%clk 0:23:39]} b5 {[%clk 0:33:38]} 26. Rf4 {[%clk 0:22:02]} Ra4
{[%clk 0:33:17]} 27. Raf1 {[%clk 0:19:15]} f5 {[%clk 0:32:09]} 28. Kg1
{[%clk 0:18:24]} Rc8 {[%clk 0:31:10]} 29. Rd1 {[%clk 0:14:41]} Rac4
{[%clk 0:28:24]} 30. Rf2 {[%clk 0:12:57]} R8c7 {[%clk 0:25:42]} 31. Rfd2
{[%clk 0:11:59]} Kf7 {[%clk 0:25:22]} 32. b4 {[%clk 0:11:04]} Rc3
{[%clk 0:23:44]} 33. Rd7+ {[%clk 0:10:23]} Ke6 {[%clk 0:22:46]} 34. Rxc7
{[%clk 0:09:47]} Rxc7 {[%clk 0:23:08]} 35. Rd3 {[%clk 0:10:05]} Ke5
{[%clk 0:22:50]} 36. Kf2 {[%clk 0:09:51]} Ke4 {[%clk 0:22:25]} 37. Rf3
{[%clk 0:09:18]} Rc2+ {[%clk 0:22:01]} 38. Kf1 {[%clk 0:09:31]} g5
{[%clk 0:19:45]} 39. h3 {[%clk 0:08:59]} h5 {[%clk 0:18:42]} 40. g4
{[%clk 0:04:21]} hxg4 {[%clk 0:17:13]} 41. hxg4 {[%clk 0:04:42]} f4
{[%clk 0:15:00]} 42. Rh3 {[%clk 0:01:46]} Rc7 {[%clk 0:08:24]} 43. Kf2
{[%clk 0:01:43]} Rc2+ {[%clk 0:08:10]} 44. Kf1 {[%clk 0:01:58]} Ra2
{[%clk 0:06:29]} 45. Rf3 {[%clk 0:01:42]} Rd2 {[%clk 0:03:33]} 46. Rh3
{[%clk 0:02:00]} Rd3 {[%clk 0:03:36]} 47. Rxd3 {[%clk 0:01:52]} Kxd3
{[%clk 0:04:02]} 48. Kf2 {[%clk 0:02:16]} Kd4 {[%clk 0:03:38]} 49. Kf3
{[%clk 0:02:10]} Kd3 {[%clk 0:03:39]} 50. Kf2 {[%clk 0:02:24]} Kd2
{[%clk 0:03:39]} 51. Kf3 {[%clk 0:02:32]} Ke1 {[%clk 0:03:38]} 52. g3
{[%clk 0:02:18]} fxg3 {[%clk 0:04:03]} 53. Kxg3 {[%clk 0:02:42]} Ke2
{[%clk 0:04:25]} 54. Kg2 {[%clk 0:02:58]} Ke3 {[%clk 0:04:44]} 55. Kg3
{[%clk 0:02:28]} b6 {[%clk 0:05:03]} 56. Kg2 {[%clk 0:02:05]} Kf4
{[%clk 0:05:20]} 57. Kf2 {[%clk 0:01:06]} Kxg4 {[%clk 0:05:41]} 58. Kg2
{[%clk 0:01:24]} Kf4 {[%clk 0:06:03]} 59. Kf2 {[%clk 0:01:39]} g4
{[%clk 0:06:27]} 60. Kg2 {[%clk 0:01:40]} g3 {[%clk 0:06:52]} 61. Kg1
{[%clk 0:01:33]} Kf3 {[%clk 0:07:19]} 62. Kf1 {[%clk 0:01:55]} g2+
{[%clk 0:07:36]} 63. Kg1 {[%clk 0:02:19]} Kg3 {[%clk 0:07:57]} 64. a4
{[%clk 0:02:38]} bxa4 {[%clk 0:08:23]} 65. b5 {[%clk 0:03:00]} Kf3
{[%clk 0:08:49]} 66. Kh2 {[%clk 0:03:16]} Kf2 {[%clk 0:09:13]} 0-1

[Event "EUYCC 2025 - U14"]
[Site "?"]
[Date "2025.08.22"]
[Round "4.12"]
[White "Chmelikova, Julia"]
[Black "Kubalova, Nikol"]
[Result "1-0"]
[BlackElo "1453"]
[WhiteElo "1590"]
[LiveChessVersion "1.4.8"]

1. e4 {[%clk 1:30:57]} e6 {[%clk 1:30:40]} 2. d4 {[%clk 1:31:00]} b6
{[%clk 1:30:52]} 3. g3 {[%clk 1:28:12]} Bb7 {[%clk 1:30:29]} 4. Bg2
{[%clk 1:24:20]} Nf6 {[%clk 1:28:04]} 5. Nc3 {[%clk 1:23:02]} Bb4
{[%clk 1:28:03]} 6. Nge2 {[%clk 1:21:47]} Bxe4 {[%clk 1:25:56]} 7. f3
{[%clk 1:16:41]} Bb7 {[%clk 1:23:20]} 8. O-O {[%clk 1:13:55]} Nc6
{[%clk 1:20:09]} 9. a3 {[%clk 1:10:13]} Bxc3 {[%clk 1:19:44]} 10. Nxc3
{[%clk 1:09:54]} O-O {[%clk 1:18:32]} 11. Bg5 {[%clk 1:06:49]} d5
{[%clk 1:14:11]} 12. Qd2 {[%clk 1:01:46]} e5 {[%clk 1:06:31]} 13. Ne2
{[%clk 0:55:24]} Ba6 {[%clk 1:03:48]} 14. dxe5 {[%clk 0:51:02]} Nxe5
{[%clk 1:02:48]} 15. Rfe1 {[%clk 0:48:57]} Nc4 {[%clk 1:00:28]} 16. Qc3
{[%clk 0:45:24]} c5 {[%clk 0:49:59]} 17. b3 {[%clk 0:40:28]} d4 {[%clk 0:47:36]}
18. Qd3 {[%clk 0:38:01]} Nxa3 {[%clk 0:45:36]} 19. Qd1 {[%clk 0:35:22]} Bxe2
{[%clk 0:42:41]} 20. Qxe2 {[%clk 0:34:50]} d3 {[%clk 0:41:57]} 21. cxd3
{[%clk 0:33:53]} Nb5 {[%clk 0:42:06]} 22. Qc2 {[%clk 0:30:32]} Qd4+
{[%clk 0:41:08]} 23. Be3 {[%clk 0:29:41]} Qd7 {[%clk 0:40:04]} 24. f4
{[%clk 0:27:29]} Rae8 {[%clk 0:38:15]} 25. Rad1 {[%clk 0:25:26]} Ng4
{[%clk 0:36:50]} 26. Bf2 {[%clk 0:22:22]} Nd4 {[%clk 0:35:14]} 27. Qb2
{[%clk 0:20:38]} Re6 {[%clk 0:31:03]} 28. Bxd4 {[%clk 0:18:33]} cxd4
{[%clk 0:30:23]} 29. Bh3 {[%clk 0:17:59]} Rxe1+ {[%clk 0:30:04]} 30. Rxe1
{[%clk 0:18:20]} f5 {[%clk 0:28:27]} 31. Qa2 {[%clk 0:17:07]} Ne3
{[%clk 0:26:55]} 32. b4+ {[%clk 0:16:29]} Kh8 {[%clk 0:27:05]} 33. Bg2
{[%clk 0:15:52]} Qb5 {[%clk 0:25:17]} 34. Qb3 {[%clk 0:14:30]} Re8
{[%clk 0:23:13]} 35. Rc1 {[%clk 0:14:04]} a5 {[%clk 0:21:00]} 36. Bc6
{[%clk 0:13:46]} Qxb4 {[%clk 0:16:13]} 37. Qxb4 {[%clk 0:13:09]} axb4
{[%clk 0:16:35]} 38. Bxe8 {[%clk 0:13:20]} g6 {[%clk 0:16:40]} 39. Rb1
{[%clk 0:12:49]} Nd5 {[%clk 0:15:39]} 40. Bf7 {[%clk 0:11:54]} Nc7
{[%clk 0:14:32]} 41. Rxb4 {[%clk 0:11:31]} b5 {[%clk 0:14:35]} 42. Rxd4
{[%clk 0:11:36]} Kg7 {[%clk 0:14:48]} 43. Rd7 {[%clk 0:11:04]} Na6
{[%clk 0:14:48]} 44. Bc4+ {[%clk 0:11:01]} Kh6 {[%clk 0:15:03]} 45. Bxb5
{[%clk 0:11:08]} Nc5 {[%clk 0:15:13]} 46. Ra7 {[%clk 0:10:22]} Ne6
{[%clk 0:15:02]} 47. h3 {[%clk 0:09:52]} g5 {[%clk 0:15:09]} 48. Ra6
{[%clk 0:09:42]} Kh5 {[%clk 0:14:55]} 49. Be8+ {[%clk 0:09:09]} Kh6
{[%clk 0:15:02]} 50. Rxe6+ {[%clk 0:09:30]} Kg7 {[%clk 0:15:04]} 51. fxg5
{[%clk 0:09:39]} Kf8 {[%clk 0:14:37]} 52. d4 {[%clk 0:08:56]} 1-0

[Event "EUYCC 2025 - U14"]
[Site "?"]
[Date "2025.08.23"]
[Round "5.1"]
[White "Petroff, Vlad"]
[Black "Diachek, Andrii"]
[Result "1/2-1/2"]
[BlackElo "2223"]
[WhiteElo "2081"]
[LiveChessVersion "1.4.8"]

1. d4 {[%clk 1:30:55]} Nf6 {[%clk 1:30:47]} 2. Bg5 {[%clk 1:31:10]} Ne4
{[%clk 1:30:51]} 3. Bf4 {[%clk 1:31:23]} d5 {[%clk 1:31:11]} 4. e3
{[%clk 1:31:38]} c5 {[%clk 1:31:01]} 5. Nd2 {[%clk 1:30:32]} Nxd2
{[%clk 1:31:19]} 6. Qxd2 {[%clk 1:30:56]} Nc6 {[%clk 1:31:34]} 7. Nf3
{[%clk 1:25:13]} cxd4 {[%clk 1:31:22]} 8. exd4 {[%clk 1:25:38]} Bf5
{[%clk 1:31:28]} 9. Be2 {[%clk 1:22:43]} e6 {[%clk 1:30:22]} 10. Ne5
{[%clk 1:17:30]} Bd6 {[%clk 1:20:23]} 11. Bb5 {[%clk 1:07:51]} Rc8
{[%clk 1:14:38]} 12. O-O {[%clk 1:05:29]} O-O {[%clk 1:14:18]} 13. Nxc6
{[%clk 0:56:41]} bxc6 {[%clk 1:10:30]} 14. Bxd6 {[%clk 0:54:38]} Qxd6
{[%clk 1:10:55]} 15. Bd3 {[%clk 0:52:53]} Bxd3 {[%clk 1:11:15]} 16. Qxd3
{[%clk 0:53:22]} c5 {[%clk 1:10:55]} 17. dxc5 {[%clk 0:52:36]} Rxc5
{[%clk 1:10:33]} 18. c3 {[%clk 0:50:56]} Rb8 {[%clk 1:09:59]} 19. Rab1
{[%clk 0:48:38]} Ra5 {[%clk 0:57:14]} 20. a3 {[%clk 0:46:57]} Rb3
{[%clk 0:53:30]} 21. Rfd1 {[%clk 0:41:33]} Qb6 {[%clk 0:42:37]} 22. Qc2
{[%clk 0:41:09]} Rab5 {[%clk 0:42:04]} 23. Rd2 {[%clk 0:40:42]} g6
{[%clk 0:37:45]} 24. a4 {[%clk 0:39:00]} Rc5 {[%clk 0:37:42]} 25. Ra1
{[%clk 0:38:06]} a5 {[%clk 0:37:24]} 26. Ra2 {[%clk 0:31:20]} Rc4
{[%clk 0:36:48]} 27. h3 {[%clk 0:30:27]} Qb8 {[%clk 0:33:44]} 28. g3
{[%clk 0:26:13]} Rb6 {[%clk 0:32:24]} 29. Kg2 {[%clk 0:22:44]} Qb7
{[%clk 0:30:51]} 30. Kh2 {[%clk 0:20:52]} h5 {[%clk 0:29:14]} 31. h4
{[%clk 0:14:45]} Qc7 {[%clk 0:29:01]} 32. Kg2 {[%clk 0:15:07]} d4
{[%clk 0:25:55]} 33. Rd3 {[%clk 0:14:50]} dxc3 {[%clk 0:23:25]} 34. Rxc3
{[%clk 0:14:17]} Qc6+ {[%clk 0:16:40]} 35. Kh2 {[%clk 0:14:18]} Rxc3
{[%clk 0:16:24]} 36. Qxc3 {[%clk 0:13:53]} Qxc3 {[%clk 0:15:50]} 37. bxc3
{[%clk 0:14:22]} Rb3 {[%clk 0:15:32]} 38. Rc2 {[%clk 0:13:17]} Kf8
{[%clk 0:14:17]} 39. c4 {[%clk 0:12:58]} Ke7 {[%clk 0:12:09]} 40. c5
{[%clk 0:11:16]} Kd7 {[%clk 0:10:19]} 41. c6+ {[%clk 0:11:05]} Kc7
{[%clk 0:10:26]} 42. Rc5 {[%clk 0:11:16]} Rf3 {[%clk 0:10:06]} 43. Kg2
{[%clk 0:10:37]} Rf5 {[%clk 0:09:58]} 44. Rc4 {[%clk 0:09:53]} Rd5
{[%clk 0:06:37]} 45. Kf3 {[%clk 0:08:21]} Rd3+ {[%clk 0:05:27]} 46. Ke2
{[%clk 0:07:53]} Rd6 {[%clk 0:04:49]} 47. Rc5 {[%clk 0:08:00]} Rd5
{[%clk 0:05:12]} 48. Rc4 {[%clk 0:08:24]} Rd6 {[%clk 0:03:49]} 49. Rc5
{[%clk 0:08:45]} Rd5 {[%clk 0:04:18]} 50. Rc4 {[%clk 0:08:35]} Rd8
{[%clk 0:00:48]} 51. Rc5 {[%clk 0:08:46]} Rd5 {[%clk 0:00:44]} 1/2-1/2

[Event "EUYCC 2025 - U14"]
[Site "?"]
[Date "2025.08.23"]
[Round "5.2"]
[White "Hujova, Tess"]
[Black "Pogorelskiy, Boris"]
[Result "0-1"]
[BlackElo "1978"]
[WhiteElo "1709"]
[LiveChessVersion "1.4.8"]

1. f4 {[%clk 1:30:55]} d5 {[%clk 1:30:58]} 2. Nf3 {[%clk 1:31:15]} Bf5
{[%clk 1:31:27]} 3. e3 {[%clk 1:31:36]} Nf6 {[%clk 1:31:07]} 4. Be2
{[%clk 1:31:21]} h6 {[%clk 1:31:00]} 5. b3 {[%clk 1:31:06]} e6 {[%clk 1:31:27]}
6. Bb2 {[%clk 1:31:08]} Be7 {[%clk 1:31:53]} 7. O-O {[%clk 1:30:24]} O-O
{[%clk 1:31:28]} 8. c4 {[%clk 1:29:28]} c6 {[%clk 1:30:01]} 9. Nc3
{[%clk 1:28:50]} Nbd7 {[%clk 1:29:22]} 10. h3 {[%clk 1:26:24]} Nc5
{[%clk 1:25:09]} 11. d4 {[%clk 1:23:35]} Nce4 {[%clk 1:25:28]} 12. g4
{[%clk 1:21:13]} Bh7 {[%clk 1:18:41]} 13. Kh2 {[%clk 1:12:08]} Bd6
{[%clk 1:15:45]} 14. Ne5 {[%clk 1:10:35]} Nxc3 {[%clk 1:09:43]} 15. Bxc3
{[%clk 1:10:04]} Ne4 {[%clk 1:10:09]} 16. Bb2 {[%clk 1:10:14]} Bb4
{[%clk 0:52:32]} 17. Bd3 {[%clk 1:04:37]} f6 {[%clk 0:49:02]} 18. Bxe4
{[%clk 1:02:05]} dxe4 {[%clk 0:49:17]} 19. g5 {[%clk 0:58:12]} fxe5
{[%clk 0:49:07]} 20. gxh6 {[%clk 0:57:08]} exf4 {[%clk 0:48:19]} 21. Qg4
{[%clk 0:55:16]} Qf6 {[%clk 0:45:58]} 22. Rg1 {[%clk 0:48:09]} Rf7
{[%clk 0:42:40]} 23. hxg7 {[%clk 0:43:25]} Bd6 {[%clk 0:42:26]} 24. exf4
{[%clk 0:42:26]} Qxf4+ {[%clk 0:42:46]} 25. Qxf4 {[%clk 0:42:45]} Bxf4+
{[%clk 0:42:44]} 26. Kh1 {[%clk 0:43:02]} e3 {[%clk 0:43:11]} 27. Rg4
{[%clk 0:43:10]} Be4+ {[%clk 0:42:45]} 28. Kg1 {[%clk 0:43:21]} Rxg7
{[%clk 0:42:49]} 29. Rxg7+ {[%clk 0:43:32]} Kxg7 {[%clk 0:43:14]} 30. Bc3
{[%clk 0:43:14]} Rg8 {[%clk 0:43:35]} 31. Kf1 {[%clk 0:43:08]} Bd3+
{[%clk 0:43:58]} 32. Ke1 {[%clk 0:43:29]} Kf7 {[%clk 0:44:21]} 33. Rb1
{[%clk 0:43:45]} Rg1# {[%clk 0:44:47]} 0-1

[Event "EUYCC 2025 - U14"]
[Site "?"]
[Date "2025.08.23"]
[Round "5.3"]
[White "Rzadkowska, Kaja"]
[Black "Matejka, Simon"]
[Result "0-1"]
[BlackElo "1950"]
[WhiteElo "1878"]
[LiveChessVersion "1.4.8"]

1. d4 {[%clk 1:30:56]} f5 {[%clk 1:30:46]} 2. Bf4 {[%clk 1:29:39]} Nf6
{[%clk 1:30:27]} 3. e3 {[%clk 1:25:40]} g6 {[%clk 1:30:23]} 4. h4
{[%clk 1:24:09]} Bg7 {[%clk 1:27:12]} 5. h5 {[%clk 1:23:55]} Nxh5
{[%clk 1:24:59]} 6. Rxh5 {[%clk 1:23:42]} gxh5 {[%clk 1:25:18]} 7. Qxh5+
{[%clk 1:23:35]} Kf8 8. Nf3 {[%clk 1:18:19]} Qe8 {[%clk 1:11:26]} 9. Qxf5+
{[%clk 1:10:51]} Qf7 {[%clk 1:11:27]} 10. Qd3 {[%clk 1:09:04]} d5
{[%clk 1:00:29]} 11. Nbd2 {[%clk 1:03:09]} Nc6 {[%clk 0:55:47]} 12. Qb3
{[%clk 0:56:51]} e6 {[%clk 0:48:00]} 13. Bd3 {[%clk 0:53:56]} Kg8
{[%clk 0:41:22]} 14. O-O-O {[%clk 0:44:23]} Nxd4 {[%clk 0:38:34]} 15. Nxd4
{[%clk 0:42:44]} Bxd4 {[%clk 0:38:31]} 16. Nf3 {[%clk 0:38:44]} Bf6
{[%clk 0:36:25]} 17. Rh1 {[%clk 0:36:51]} c6 {[%clk 0:25:30]} 18. Rh3
{[%clk 0:32:07]} Qe7 {[%clk 0:23:26]} 19. Be5 {[%clk 0:26:56]} h5
{[%clk 0:17:54]} 20. Rg3+ {[%clk 0:19:12]} Kf8 {[%clk 0:17:54]} 21. Qc3
{[%clk 0:16:50]} Rh6 {[%clk 0:13:00]} 22. Bg6 {[%clk 0:13:44]} Bxe5
{[%clk 0:04:31]} 23. Nxe5 {[%clk 0:11:38]} h4 {[%clk 0:04:21]} 24. Rf3+
{[%clk 0:11:18]} Kg8 {[%clk 0:04:44]} 25. Rf7 {[%clk 0:08:55]} Qg5
{[%clk 0:03:27]} 26. Nd7 {[%clk 0:04:08]} e5 {[%clk 0:01:34]} 27. Nf6+
{[%clk 0:02:07]} Kh8 {[%clk 0:01:46]} 28. Qc5 {[%clk 0:01:40]} Be6
{[%clk 0:00:45]} 29. Rf8+ {[%clk 0:01:55]} Kg7 {[%clk 0:01:08]} 30. Rxa8 Kxg6
{[%clk 0:00:59]} 31. Rf8 {[%clk 0:00:35]} Qxg2 {[%clk 0:00:40]} 32. e4
{[%clk 0:00:38]} h3 {[%clk 0:00:52]} 33. Qe7 {[%clk 0:00:41]} h2 {[%clk 0:00:37]}
34. Qe8+ {[%clk 0:00:44]} Kg5 {[%clk 0:00:45]} 35. Rg8+ {[%clk 0:00:33]} Bxg8
{[%clk 0:01:07]} 36. Qxg8+ {[%clk 0:00:58]} Kxf6 {[%clk 0:01:27]} 37. Qf8+
{[%clk 0:01:06]} Kg6 {[%clk 0:01:00]} 38. Qg8+ {[%clk 0:01:06]} Kf6
{[%clk 0:01:25]} 39. Qf8+ {[%clk 0:01:28]} Kg5 {[%clk 0:01:04]} 40. Qg7+
{[%clk 0:01:09]} Kf4 {[%clk 0:01:15]} 41. Qxh6+ {[%clk 0:01:26]} Kf3
{[%clk 0:01:20]} 42. Qh5+ {[%clk 0:01:16]} Kxf2 {[%clk 0:01:42]} 43. Qf5+
{[%clk 0:01:37]} Kg1 {[%clk 0:02:06]} 0-1

[Event "EUYCC 2025 - U14"]
[Site "?"]
[Date "2025.08.23"]
[Round "5.4"]
[White "Bundan, Edward"]
[Black "Komarek, Tobias"]
[Result "0-1"]
[BlackElo "1897"]
[WhiteElo "1976"]
[LiveChessVersion "1.4.8"]

1. e4 {[%clk 1:30:55]} d5 {[%clk 1:30:48]} 2. exd5 {[%clk 1:31:19]} Qxd5
{[%clk 1:31:11]} 3. Nc3 {[%clk 1:31:42]} Qe5+ {[%clk 1:31:35]} 4. Nge2
{[%clk 1:30:59]} Nf6 {[%clk 1:30:21]} 5. d4 {[%clk 1:30:50]} Qa5 {[%clk 1:27:51]}
6. g3 {[%clk 1:27:58]} Bg4 {[%clk 1:23:53]} 7. Bg2 {[%clk 1:26:55]} c6
{[%clk 1:22:35]} 8. h3 {[%clk 1:26:26]} Bxe2 {[%clk 1:21:03]} 9. Qxe2
{[%clk 1:26:42]} e6 {[%clk 1:14:56]} 10. O-O {[%clk 1:26:09]} Bd6
{[%clk 1:12:52]} 11. Nb5 {[%clk 1:19:14]} Be7 {[%clk 0:56:20]} 12. Bf4
{[%clk 1:17:02]} Na6 {[%clk 0:55:44]} 13. Nd6+ {[%clk 1:13:44]} Bxd6
{[%clk 0:55:42]} 14. Bxd6 {[%clk 1:14:05]} Rd8 {[%clk 0:47:55]} 15. Be5
{[%clk 1:11:43]} O-O {[%clk 0:46:30]} 16. c4 {[%clk 1:08:04]} Rd7
{[%clk 0:40:24]} 17. a3 {[%clk 1:04:38]} Nc7 {[%clk 0:34:43]} 18. b4
{[%clk 1:03:54]} Qa4 {[%clk 0:31:47]} 19. f4 {[%clk 1:01:53]} Nfe8
{[%clk 0:22:56]} 20. f5 {[%clk 0:57:48]} exf5 {[%clk 0:20:58]} 21. Rxf5
{[%clk 0:57:28]} f6 {[%clk 0:20:26]} 22. Qg4 {[%clk 0:52:32]} Rdf7
{[%clk 0:12:37]} 23. Bxc7 {[%clk 0:48:29]} Nxc7 {[%clk 0:12:46]} 24. d5
{[%clk 0:39:20]} Rd8 {[%clk 0:08:01]} 25. Qf4 {[%clk 0:32:43]} Ne8
{[%clk 0:04:10]} 26. Qf3 {[%clk 0:27:36]} Qc2 {[%clk 0:03:25]} 27. Rf4
{[%clk 0:24:07]} cxd5 {[%clk 0:03:04]} 28. cxd5 {[%clk 0:24:20]} Nd6
{[%clk 0:03:30]} 29. Re1 {[%clk 0:23:59]} Rc7 {[%clk 0:03:10]} 30. Qg4
{[%clk 0:22:58]} Qb2 {[%clk 0:02:11]} 31. Qe6+ {[%clk 0:22:35]} Kf8
{[%clk 0:01:55]} 32. Re2 {[%clk 0:19:00]} Qc3 {[%clk 0:01:49]} 33. Kh2
{[%clk 0:17:36]} Rcd7 {[%clk 0:01:33]} 34. Ref2 {[%clk 0:17:14]} Rf7
{[%clk 0:01:47]} 35. h4 {[%clk 0:14:09]} Qxa3 {[%clk 0:01:39]} 36. h5
{[%clk 0:13:46]} h6 {[%clk 0:01:47]} 37. Be4 {[%clk 0:09:20]} Re7
{[%clk 0:00:55]} 38. Qg4 {[%clk 0:07:54]} Nxe4 {[%clk 0:00:43]} 39. Rxe4
{[%clk 0:08:15]} Rxe4 {[%clk 0:01:06]} 40. Qxe4 {[%clk 0:08:38]} Qa6
{[%clk 0:00:55]} 41. Rd2 {[%clk 0:05:22]} Qd6 {[%clk 0:01:12]} 42. Qd4
{[%clk 0:05:01]} b6 {[%clk 0:01:00]} 43. Kh3 {[%clk 0:04:18]} Re8
{[%clk 0:00:49]} 44. Qg4 {[%clk 0:03:12]} Re5 {[%clk 0:00:40]} 45. Rc2
{[%clk 0:02:10]} Re8 {[%clk 0:00:43]} 46. Rd2 {[%clk 0:01:59]} Re7
{[%clk 0:00:46]} 47. Qc8+ {[%clk 0:02:07]} Kf7 {[%clk 0:00:57]} 48. Qf5
{[%clk 0:01:54]} Qd7 {[%clk 0:01:16]} 49. Qxd7 {[%clk 0:02:04]} Rxd7
{[%clk 0:01:45]} 50. Kg4 {[%clk 0:02:19]} Ke7 {[%clk 0:02:00]} 51. Kf5
{[%clk 0:02:41]} Kd6 {[%clk 0:02:24]} 52. g4 {[%clk 0:02:22]} Rc7
{[%clk 0:01:41]} 53. Rd4 {[%clk 0:01:52]} a6 {[%clk 0:01:41]} 54. Kg6
{[%clk 0:02:03]} Ra7 {[%clk 0:01:38]} 55. Rd1 {[%clk 0:01:46]} a5
{[%clk 0:01:39]} 56. bxa5 {[%clk 0:02:08]} bxa5 {[%clk 0:02:03]} 57. Kf5
{[%clk 0:01:52]} a4 {[%clk 0:02:14]} 58. Ke4 {[%clk 0:01:53]} a3 {[%clk 0:02:40]}
59. Ra1 {[%clk 0:02:10]} a2 {[%clk 0:02:42]} 60. Kf5 {[%clk 0:02:01]} Kxd5
{[%clk 0:03:00]} 61. Kg6 {[%clk 0:02:17]} Kc4 {[%clk 0:03:17]} 62. Rxa2
{[%clk 0:02:02]} Rxa2 {[%clk 0:03:43]} 63. Kxg7 {[%clk 0:02:27]} Rg2
{[%clk 0:03:26]} 64. Kxh6 {[%clk 0:02:41]} Rxg4 {[%clk 0:03:24]} 65. Kh7
{[%clk 0:03:06]} f5 {[%clk 0:03:50]} 0-1

[Event "EUYCC 2025 - U14"]
[Site "?"]
[Date "2025.08.23"]
[Round "5.5"]
[White "Kostov, Rubin"]
[Black "Mojzisova, Barbora"]
[Result "1/2-1/2"]
[BlackElo "1740"]
[WhiteElo "1621"]
[LiveChessVersion "1.4.8"]

1. c4 {[%clk 1:30:57]} e5 {[%clk 1:30:53]} 2. Nc3 {[%clk 1:31:23]} Nf6
{[%clk 1:31:12]} 3. g3 {[%clk 1:31:40]} d5 {[%clk 1:31:21]} 4. cxd5
{[%clk 1:32:00]} Nxd5 {[%clk 1:31:36]} 5. Nxd5 {[%clk 1:32:23]} Qxd5
{[%clk 1:31:52]} 6. Nf3 {[%clk 1:32:45]} e4 {[%clk 1:31:01]} 7. Nh4
{[%clk 1:29:07]} e3 {[%clk 1:29:57]} 8. Bg2 {[%clk 1:26:32]} exf2+
{[%clk 1:29:36]} 9. Kxf2 {[%clk 1:26:51]} Bc5+ {[%clk 1:28:28]} 10. e3
{[%clk 1:25:10]} Qe6 {[%clk 1:24:55]} 11. Rf1 {[%clk 1:20:33]} Be7
{[%clk 1:19:42]} 12. Nf3 {[%clk 1:18:58]} Nc6 {[%clk 1:18:12]} 13. Kg1
{[%clk 1:18:05]} Qh6 {[%clk 1:17:14]} 14. b3 {[%clk 1:16:47]} Bh3
{[%clk 1:14:28]} 15. Bb2 {[%clk 1:16:47]} Bxg2 {[%clk 1:13:43]} 16. Kxg2
{[%clk 1:17:11]} O-O {[%clk 1:11:28]} 17. Rc1 {[%clk 1:14:46]} Rad8
{[%clk 1:10:19]} 18. Rc4 {[%clk 1:07:48]} Rd7 {[%clk 1:02:47]} 19. Rg4
{[%clk 1:05:08]} Bf6 {[%clk 0:59:08]} 20. Bxf6 {[%clk 1:04:29]} Qxf6
{[%clk 0:59:07]} 21. Nd4 {[%clk 1:01:25]} Qd6 {[%clk 0:58:28]} 22. Rxg7+
{[%clk 0:51:46]} Kh8 {[%clk 0:55:10]} 23. Qh5 {[%clk 0:42:45]} Qd5+
{[%clk 0:53:28]} 24. Qxd5 {[%clk 0:43:05]} Rxd5 {[%clk 0:53:48]} 25. Rfxf7
{[%clk 0:42:01]} Rxf7 {[%clk 0:52:40]} 26. Rxf7 {[%clk 0:42:24]} Nxd4
{[%clk 0:52:41]} 27. exd4 {[%clk 0:42:40]} Rxd4 {[%clk 0:52:45]} 28. Rxc7
{[%clk 0:42:54]} Rxd2+ {[%clk 0:52:37]} 29. Kh3 {[%clk 0:42:43]} Rxa2
{[%clk 0:52:18]} 30. Rxb7 {[%clk 0:43:05]} a6 {[%clk 0:51:22]} 31. Ra7
{[%clk 0:42:06]} 1/2-1/2